000 00582cam a22002051 4500
001 ne 67001807
003 DLC
005 20260227111835.0
008 930921s1967 ie ab de 000 0 ara
010 _ane 67001807
035 _a(OCoLC)28971771
040 _aDLC
_cRPB
_dDLC
050 0 0 _aPJ6622
_b.M8
245 0 3 _aal-Munjid al-abjadī.
260 _aBayrūt :
_bDār al-Mashriq,
_c1967.
300 _a10, 1174 p.
_bill. (same col.), col. maps.
_c21 cm.
500 _aIn Arabic.
650 0 _aArabic language
_xDictionaries.
650 0 _aEncyclopedias and dictionaries, Arabic.
999 _c49841
_d49841